Racek

Bibliographic Details
Main Author: Bach, Richard, 1936- (Author)
Other Authors: Hron, Zdeněk, 1944- (Translator), Demel, Karel, 1942- (Illustrator)
Format: Book
Language:Czech
PhysicalDescription:89, [1] s. 12°
Published: Praha Supraphon 1984
Edition:1. vyd.
Series:Lyra Pragensis sv. 63.

MARC

LEADER 00000nam a2200000 a 4500
001 vtls001160476
003 SK-MaSNL
005 20260301154052.0
008 240314s1984 CS 0 cze
035 |a SNK000103383 
040 |a SNK  |b slo  |c SNK  |e AACR2 
041 0 |a cze 
044 |a [CS] 
080 |a 820(73)-32=850  |2 1981 
100 1 |a Bach, Richard,  |d 1936-  |4 aut  |9 121450 
245 1 0 |a Racek  |c Richard David Bach ; Přel. Zdeněk Hron ; Sedmi kresbami vyzdobil Karel Demel 
250 |a 1. vyd. 
260 |a Praha  |b Supraphon  |c 1984  |e Vimperk  |f Stráž 
300 |a 89, [1] s.  |c 12° 
490 0 |a Lyra Pragensis  |v sv. 63. 
700 1 |a Hron, Zdeněk,  |d 1944-  |4 trl  |9 240556 
700 1 |a Demel, Karel,  |d 1942-  |4 ill  |9 238815 
958 |a OND 
968 |d Z angl. orig. 
999 |c 795495  |d 797425 
952 |t P60, <05>, [BOOK], {605}  |a SNK  |b SNK  |y PREZ  |7 0  |p 17A0137768  |o snkIE 8304  |0 0  |1 0  |4 0  |d 1998-05-11  |l 0  |r 2005-01-01 00:00:00  |w 2026-02-24